| 000 | 02301nam a22002537a 4500 | ||
|---|---|---|---|
| 999 |
_c58047 _d58047 |
||
| 003 | Ge_BSU | ||
| 005 | 20221221134700.0 | ||
| 008 | 210527s2021 ge ||||| |||| 00| 0 geo d | ||
| 041 | _ageo | ||
| 080 | _a57 კ-65 | ||
| 100 |
_aკოდანოვი, ლანა _911898 |
||
| 245 |
_aზოგიერთი არომატული მცენარის ინტროდუქციისა და გადამუშავების მწვანე ტექნოლოგიები / _cლანა კოდანოვი; სამეცნიერო ხელმძღვანელი მარიამ მეტრეველი, ალიოშა ბაკურიძე; ბათუმის შოთა რუსთაველის სახელმწიფო უნივერსიტეტი, საბუნებისმეტყველო მეცნიერებათა და ჯანდაცვის ფაკულტეტი, ბიოლოგიის დეპარტამენტი. |
||
| 264 |
_aბათუმი, _c2021. |
||
| 300 |
_a185 გვ. _bილ. _c30 სმ. |
||
| 504 | _aბიბლიოგრ. გვ. 138-150 | ||
| 653 | _aზოგიერთი არომატული მცენარის ინტროდუქციისა და გადამუშავების მწვანე ტექნოლოგიები | ||
| 653 | _aბაღის არომატული მცენარეები | ||
| 653 | _aბოტანიკა | ||
| 653 | _aდისერტაცია | ||
| 700 |
_aმეტრეველი, მარიამ _eსამეცნიერო ხელმძღვანელი _92890 |
||
| 700 |
_aბაკურიძე, ალიოშა _eსამეცნიერო ხელმძღვანელი _92889 |
||
| 710 |
_aბათუმის შოთა რუსთაველის სახელმწიფო უნივერსიტეტი _bსაბუნებისმეტყველო მეცნიერებათა და ჯანდაცვის ფაკულტეტი, ბიოლოგიის დეპარტამენტი. _911899 |
||
| 942 |
_2udc _cDS |
||